Κατάλογος Βιβλιοθηκών Mediterranean College

Ψυχολογία των Διαταραχών του Λόγου (Record no. 2937)

MARC details
000 -LEADER
fixed length control field 02298cam a22002054a 4500
005 - ΗΜΕΡΟΜΗΝΙΑ ΚΑΙ ΩΡΑ ΤΕΛΕΥΤΑΙΑΣ ΕΝΗΜΕΡΩΣΗΣ
Πεδίο ελέγχου 20250605164058.0
008 - FIXED-LENGTH DATA ELEMENTS--GENERAL INFORMATION
Πεδίο ελέγχου σταθερού μήκους 250528s ||||||||||||||||||||||||d
035 ## - SYSTEM CONTROL NUMBER
System control number 17529
020 ## - ISBN
ISBN 960120671
040 ## - ΠΗΓΗ ΚΑΤΑΛΟΓΟΓΡΑΦΗΣΗΣ
Φορέας πρωτότυπης καταλογογράφησης MC Athens Campus Library
Γλώσσα καταλογογράφησης Ελληνικά, Μοντέρνα (1453-)
Modifying agency MC Athens Campus Library
Κανόνες περιγραφικής καταλογογράφησης AACR2
245 1# - ΤΙΤΛΟΣ ΚΑΙ ΔΗΛΩΣΗ ΥΠΕΥΘΥΝΟΤΗΤΑΣ
Τίτλος Ψυχολογία των Διαταραχών του Λόγου
250 ## - EDITION STATEMENT
Edition statement
260 ## - PUBLICATION, DISTRIBUTION, ETC.
Name of publisher, distributor, etc. University Studio Press,
Date of publication, distribution, etc. 1998
300 ## - PHYSICAL DESCRIPTION
Extent 412
520 ## - SUMMARY, ETC.
Summary, etc. Το παρόν πόνημα διαπραγματεύεται ένα ευαίσθητο πρόβλημα, την ψυχολογία των διαταραχών του λόγου. Εισαγωγή, Ψυχολογικές Θεωρίες της Εξέλιξης του Λόγου, Η Σχέση της Ψυχολογίας με τις Επιστήμες του Λόγου, Εισαγωγικά Ερωτήματα για τη Λογοθεραπεία και Λογοπαιδεία, Ο Σχηματισμός του Λόγου στο Παιδί, Η Έγκαιρη Ψυχοπαιδαγωγική Διάγνωση των Παιδιών με Διαταραχές, Ανεπάρκειες στην Προφορά των Ήχων, Σιγματισμός (Sigmatismus), Λαθεμένη Προφορά Άλλων Ήχων Συμφώνων, Ελαττωματική Προφορά των Φωνητικών ή Ηχητικών Ήχων (Φωνήεντα), Βαριές Μορφές Διαταραχής της Προφοράς, Ρινολαλία (Rhinolalia), Εισαγωγή στη Φυσιολογία και στην Παθολογία του Λόγου, Διαταραχές στο Ρυθμό και τη Χροιά της Φωνής, Λεκτικές Διαταραχές Παρόμοιες με τον Τραυλισμό,Το Σύνδρομο της Αριστεροχειρίας και η Επίδραση του στις Λεκτικές Διαταραχές, Η Εξέλιξη της Ικανότητας Ανάγνωσης-Γραφής και οι Διαταραχές τους, Διαταραχές του Λόγου στους Βαρήκοους, Δομή και Οργάνωση της Λογοπεδικής Εργασίας, Βιβλιογραφία.
700 1# - ΠΡΟΣΘΕΤΗ ΑΝΑΓΡΑΦΗ--ΦΥΣΙΚΟ ΠΡΟΣΩΠΟ
Personal name Σερδάρης Παναγιώτης
9 (RLIN) 3676
942 ## - ADDED ENTRY ELEMENTS (KOHA)
Koha item type Books
Holdings
Τύπος τεκμηρίου Βιβλιοθήκη Τρέχουσα τοποθεσία Barcode Αριθμός εισαγωγής Ημερομηνία απόκτησης Ταξιθετικό σύμβολο Αριθμός αντιτύπου Κατάσταση απόσυρσης Κατάσταση χαμένου Κατάσταση κατεστραμμένου Μη δανεισμός Σύνολο δανεισμών Ημερομηνία τελευταίας εμφάνισης Η τιμή ισχύει από
Books MC Athens Campus Library MC Athens Campus Library 9780000029362 5827 05/06/2025 616.855 SER 1           05/06/2025 05/06/2025

MC Athens Campus Library
Πατησίων 94 & Κοδριγκτώνος 13, 104 34
Πελλήνης 8 & Πατησίων 107, 112 51
Τ: +30 210 8899600

MC Thessaloniki Campus Library
Ίωνος Δραγούμη 21, 54625 | Ίωνος Δραγούμη 15, 54625
Τ: +30 2310 287779 – Τ: +30 2314 440300